| 000 | 00768 a2200205 4500 | ||
|---|---|---|---|
| 020 | _a0750308370 | ||
| 020 | _a9780750308373 | ||
| 082 | 0 | 4 | _a523.8875 |
| 090 |
_c830 _d830 |
||
| 100 | _aFalcke, H. | ||
| 245 | 1 | 4 |
_aThe galactic black hole : _bstudies in high energy physics, cosmology and gravitation / _cH Falcke, F Hehl. |
| 260 |
_a[S.l.] : _bTaylor & Francis, _c2003. |
||
| 300 |
_a353 p. ; _c24 cm. |
||
| 490 | 1 | _aSeries in high energy physics, cosmology and gravitation. | |
| 700 | 1 | _aFalcke, H. | |
| 700 | 1 | _aHehl, F. | |
| 830 | 0 | _aSeries in high energy physics, cosmology and gravitation. | |
| 942 |
_aSNS _cBK _k523.8875 FAL |
||
| 999 |
_c29454 _d29454 |
||